| 000 | 00508nam a2200169Ia 4500 | ||
|---|---|---|---|
| 008 | 090124s9999 xx 000 0 und d | ||
| 082 |
_b18301 _a1939 |
||
| 100 | _aमराठे सुशीला | ||
| 245 | _a मम सुखाची ठेव | ||
| 250 | _a0 | ||
| 300 | _a91 | ||
| 600 | _aमराठे सुशीला | ||
| 630 | _a मम सुखाची ठेव | ||
| 700 | _aमराठे सुशीला | ||
| 730 | _a मम सुखाची ठेव | ||
| 942 | _cBOOK | ||
| 999 |
_c132242 _d132242 |
||